Двомовний глосарій термінів законодавчих актів Великобританії та України (Запис № 285375)

МАРК-запис
000 -LEADER
fixed length control field 01531nam a22001577a 4500
041 ## - LANGUAGE CODE
Language code of text/sound track or separate title ukr
080 ## - UNIVERSAL DECIMAL CLASSIFICATION NUMBER
Universal Decimal Classification number 09
090 ## - LOCALLY ASSIGNED LC-TYPE CALL NUMBER (OCLC); LOCAL CALL NUMBER (OCLC)
Local cutter number (OCLC) ; Book number/undivided call number, CALL (RLIN) ЧЕП
100 ## - MAIN ENTRY--PERSONAL NAME
Personal name Чепела, М. М.
245 ## - TITLE STATEMENT
Title Двомовний глосарій термінів законодавчих актів Великобританії та України
260 ## - PUBLICATION, DISTRIBUTION, ETC. (IMPRINT)
Place of publication, distribution, etc Острог
Name of publisher, distributor, etc КАФ
Date of publication, distribution, etc 2014
300 ## - PHYSICAL DESCRIPTION
Extent 96
520 ## - SUMMARY, ETC.
Summary, etc Вступ.<br/>Розділ І. Лінгвістична природа юридичного терміна.<br/>1.1. Термін як поняття в лінгвістиці<br/>1.2. Особливості семантики та генезису термінів, розвиток юридичної терміносистеми та термінотворення<br/>1.3. Поняття "термінологія" та "терміносистема", визначення поняття юридичної терміносистеми<br/>1.4. Семантичні звязки в терміносистемі загалом та в юридичній терміносистемі зокрема<br/>1.5. Поняття глосарію. Методологія його укладення<br/>Розділ ІІ. Глосарій термінів законодавчих актів Великобританії та України.<br/>Висновки.<br/>Список використаної літератури.<br/>Додатки.
-- термінологія, терміносистема, Великобританія
650 ## - SUBJECT ADDED ENTRY--TOPICAL TERM
Topical term or geographic name as entry element Research Papers
942 ## - ADDED ENTRY ELEMENTS (KOHA)
Koha item type Книги
Фонди
Withdrawn status Lost status Source of classification or shelving scheme Damaged status Not for loan Home library Current library Date acquired Source of acquisition Cost, normal purchase price Total Checkouts Full call number Barcode Date last seen Price effective from Koha item type
    Universal Decimal Classification     ВІЛ - Відділ іноземн. літератури НБ ВІЛ - Відділ іноземн. літератури НБ 17/06/2014 Акт №8 1.00   09 215612 09/11/2021 17/06/2014 Книги